| 000 | 00000cam 2200000zi 4500 |
| 001 | 9.959541 |
| 003 | CaOODSP |
| 005 | 20260218114045 |
| 006 | m o d f |
| 007 | cr cn||||||||| |
| 008 | 260203t20262026oncao o f000 0 fre d |
| 020 | |a9780660982311 |
| 040 | |aCaOODSP|bfre|erda|cCaOODSP |
| 043 | |an-cn--- |
| 086 | 1 |aD2-719/2026F-PDF |
| 245 | 00|aSécurité, souveraineté et prospérité : |bla stratégie industrielle de défense du Canada. |
| 246 | 10|aStratégie industrielle de défense du Canada |
| 264 | 1|a[Ottawa] : |bGouvernement du Canada = Government of Canada, |c[2026] |
| 264 | 4|c©2026 |
| 300 | |a1 ressource en ligne (58 pages) : |billustrations, photographies |
| 336 | |atexte|btxt|2rdacontent/fre |
| 337 | |ainformatique|bc|2rdamedia/fre |
| 338 | |aressource en ligne|bcr|2rdacarrier/fre |
| 500 | |aTitre de la couverture. |
| 500 | |aPublié par Défense nationale. |
| 500 | |aPublié aussi en anglais sous le titre : Security, sovereignty and prosperity : Canada's defence industrial strategy. |
| 520 | |a« Le monde est devenu plus instable et plus dangereux, et il est plus important que jamais que le Canada soit prêt à défendre son territoire, son peuple et ses valeurs, et qu'il soit capable de le faire. C'est pourquoi le gouvernement du Canada s'est engagé à verser 81,8 milliards de dollars dans le budget de 2025 pour accroître nos investissements dans la défense. C'est aussi la raison pour laquelle notre gouvernement s'est engagé à verser 6,6 milliards de dollars de ce financement à la Stratégie industrielle de défense du Canada afin de s'assurer que l'industrie canadianne joue un rôle central dans cet effort générationnel visant à reconstruire les forces armées » -- Page 4. |
| 610 | 16|aCanada. |bForces armées canadiennes|xApprovisionnement. |
| 650 | 6|aIndustrie militaire|xPolitique gouvernementale|zCanada. |
| 650 | 6|aContrats de la défense|xPolitique gouvernementale|zCanada. |
| 710 | 1 |aCanada. |bMinistère de la défense nationale, |eorganisme de publication. |
| 775 | 08|tSecurity, sovereignty and prosperity : |w(CaOODSP)9.959539 |
| 856 | 40|qPDF|s1.47 Mo|uhttps://publications.gc.ca/collections/collection_2026/mdn-dnd/D2-719-2026-fra.pdf |
| 856 | 4 |qHTML|sS.O.|uhttps://www.canada.ca/fr/ministere-defense-nationale/organisation/rapports-publications/strategie-industrielle/securite-souverainete-prosperite.html |
| 986 | |aDGM-25825-DR0 |